| 000 | 00904nam a22002177a 4500 | ||
|---|---|---|---|
| 999 |
_c919 _d919 |
||
| 003 | AR-CdUCM | ||
| 008 | 190225b ||||| |||| 00| 0 spa d | ||
| 040 |
_aMUNICIPALIDAD PROVINCIAL DEL CUSCO _cBIBLIOTECA MUNICIPAL DEL CUSCO |
||
| 082 |
_a291.175 / _bT81 |
||
| 100 |
_aTrigo, Pedro _93535 |
||
| 245 |
_aCristianismo e historia : _bEn la novela mexicana contemporánea / _cPedro Trigo |
||
| 260 |
_aLima : _bCep, _c1998. |
||
| 300 |
_a432 paginas ; _c19 cm. |
||
| 505 | _a Cuestiones eclesiologicas y teología latinoamericana -- Entre el panfleto y la ausencia -- José revueltas: el luto humano o la desposeción como resultado de la conquista espiritual -- Agustín Yañez: al filo del agua o la cristiandad imposible ... | ||
| 650 |
_aCristianismo _92910 |
||
| 650 |
_aLuto humano _93536 |
||
| 650 |
_aReligion _91195 |
||
| 650 |
_aTeología _93537 |
||
| 942 |
_2ddc _cLIBROS |
||
| 945 |
_aacv _d2019-02-25 |
||